000 00786cam a22002651 4500
001 sa 66002352
003 DLC
005 20260227112229.0
008 890929m19641965pk 000 0 urdr
010 _asa 66002352
025 _aPL480:P-U-1229
035 _a(OCoLC)20413631
040 _aDLC
_cWaU
_dWaU
_dDLC
041 0 _aurdara
042 _apremarc
050 0 0 _aBP130.4
_b.H34
100 1 _aHaqqani, Peer Azizullah,
_d1928-
245 1 0 _aKāmil akmal Ḥaqqānī.
_cTaṣnīf va taʼlīf-i ʻAzīzullāh Ḥaqqānī.
250 _a[Pahlā īḍīshun]
260 _aKarāchī
_c[1964-65]
300 _a2 v.
_c25 cm.
505 1 _aVol. 2: Nashir: Tāj ʻĀlamgīr Dārual-Kutub.
630 0 0 _aQurʼan
_xCommentaries.
650 0 _aHadith
_xCriticism, interpretation, etc.
999 _c68332
_d68332